فضائل صدقات (Record no. 65186)

MARC details
000 -LEADER
fixed length control field 00208nam a22000977a 4500
082 ## - DEWEY DECIMAL CLASSIFICATION NUMBER
Classification number 297.321ز ک ر
100 ## - MAIN ENTRY--AUTHOR NAME
Personal name محمد ز کرِِیا
245 ## - TITLE STATEMENT
Title فضائل صدقات
300 ## - PHYSICAL DESCRIPTION
Number of Pages ۲۳۲
942 ## - ADDED ENTRY ELEMENTS (KOHA)
Koha item type Books
Holdings
Withdrawn status Lost status Collection code Home library Current library Date acquired Full call number Accession Number Koha item type
    Reference Reference Section Reference Section 09/07/2019 297.321ز ک ر (Shelf - 18A) R7476 Books